Správne poplatky
Zmeny v zákone o správnych poplatkoch, ku ktorým došlo v roku 2003. Sadzobník správnych poplatkov - zmeny a doplnky v roku 2003.
Gespeichert in:
| 1. Verfasser: | |
|---|---|
| Format: | Buchkapitel |
| Sprache: | Slowakisch |
| Schlagworte: | |
| Tags: |
Keine Tags, Fügen Sie das erste Tag hinzu!
|
MARC
| LEADER | 00000naa$a2200000$$$4500 | ||
|---|---|---|---|
| 001 | 0005847 | ||
| 005 | 20230919094141.6 | ||
| 041 | 0 | |a slo | |
| 044 | |a SK | ||
| 245 | 1 | 0 | |a Správne poplatky |c aut. Mária Štalmašková |
| 520 | |a Zmeny v zákone o správnych poplatkoch, ku ktorým došlo v roku 2003. Sadzobník správnych poplatkov - zmeny a doplnky v roku 2003. | ||
| 610 | 2 | 0 | |a správa verejná |
| 610 | 2 | 0 | |a poplatky správne |
| 610 | 2 | 0 | |a správa štátna |
| 610 | 2 | 0 | |a zákony |
| 610 | 2 | 0 | |a novelizácia |
| 610 | 2 | 0 | |a 2003 |
| 100 | 1 | |a Štalmašková, Mária | |